000
00298nam a22001217a 4500
040
_c
HS
082
_a
671
100
_a
កែវ គឹមហុង
245
_a
អេកូឡូស៊ីកសិកម្ម
260
_a
RUA
_b
កែវ គឹមហុង
_c
2011
300
_a
29p;
942
_c
KB
999
_c
9462
_d
9462